[Event "Big Open  leisure 12/01/2005"]
[Site "SchemingMind.com"]
[Date "2005.12.04"]
[Round "-"]
[White "Louis Lima"]
[Black "doodledandy"]
[Result "0-1"]
[WhiteCountry "ESP"]
[BlackCountry "CAN"]
[WhiteElo "1717"]
[WhiteRD "56"]
[BlackElo "2301"]
[BlackRD "65"]
[GameID "32108"]

1. e4 e5 2. Nf3 Nc6 3. Bb5 a6 4. Bxc6 dxc6 5. O-O Qd6 6. d4 exd4 7. Qxd4 Qxd4 8. Nxd4 Bd7 9. Be3 O-O-O 10. Nc3 Ne7
11. b4 Ng6 12. a3 Ne5 13. Na4 b6 14. Nb2 c5 15. bxc5 Bxc5 16. Rfd1 Ng4 17. Bf4 Ba4 18. Nxa4 Bxd4
0-1

[Event "Big Open  leisure 12/01/2005"]
[Site "SchemingMind.com"]
[Date "2005.12.05"]
[Round "-"]
[White "jenricks"]
[Black "doodledandy"]
[Result "0-1"]
[WhiteCountry "ENG"]
[BlackCountry "CAN"]
[WhiteElo "2071"]
[WhiteRD "84"]
[BlackElo "2352"]
[BlackRD "64"]
[GameID "32109"]

1. e4 e5 2. Nf3 Nc6 3. Nc3 Nf6 4. d4 exd4 5. Nxd4 Nxe4 6. Nxe4 Qe7 7. f3 d5 8. Bg5 f6 9. Nxc6 bxc6 10. Be3 dxe4
11. Qd2 Bf5 12. O-O-O Rd8 13. Qxd8+ Qxd8 14. Rxd8+ Kxd8 15. Bxa7 Bd6 16. fxe4 Bxe4 17. Bd3 Bxd3 18. cxd3 c5 19. d4 c4 20. Bc5 Re8
21. Kd2 Kd7 22. Bxd6 cxd6 23. Re1 Ra8 24. Ra1 Kc6 25. a4 Re8 26. Ra3 Kd5 27. a5 Kxd4 28. a6 Ra8 29. Ra5 d5 30. a7 h5
31. Kc2 g5 32. b3 f5 33. b4 h4 34. h3 g4 35. Ra1 gxh3 36. gxh3 f4 37. Rd1+ Ke5 38. Ra1 f3 39. b5 Kd6 40. b6 Kc6
41. Rb1 Kb7 42. Kc3 f2 43. Kd4 Rc8 44. Kc3 Rg8 45. Rf1 Kxb6 46. Kd4 Kxa7 47. Rxf2 Rd8 48. Rf4 Ka6 49. Rxh4 Kb5 50. Rh5= Kb4
51. Rh7 Kb3 52. h4 Rc8 53. h5 c3 54. Rb7+ Kc2 55. h6 Kd2 56. Rg7 c2 57. Rg2+ Kc1 58. Rg7 Kb2 59. Rb7+ Ka3 60. Ra7+ Kb4
0-1

[Event "Big Open  leisure 12/01/2005"]
[Site "SchemingMind.com"]
[Date "2005.12.06"]
[Round "-"]
[White "Zonrog"]
[Black "doodledandy"]
[Result "0-1"]
[WhiteCountry "RSA"]
[BlackCountry "CAN"]
[WhiteElo "1580"]
[WhiteRD "131"]
[BlackElo "2352"]
[BlackRD "64"]
[GameID "32110"]

1. d4 Nf6 2. Nf3 d5 3. e3 g6 4. Bd3 Bg7 5. c3 Nc6 6. Nbd2 Bf5 7. Bxf5 gxf5 8. Qb3 b6 9. O-O Qd7 10. Ne5 Nxe5
11. dxe5 Ne4 12. f4 Nxd2 13. Bxd2 f6
0-1

[Event "Big Open  leisure 12/01/2005"]
[Site "SchemingMind.com"]
[Date "2005.12.04"]
[Round "-"]
[White "Katarrov"]
[Black "doodledandy"]
[Result "0-1"]
[WhiteCountry "ESP"]
[BlackCountry "CAN"]
[WhiteElo "2192"]
[WhiteRD "83"]
[BlackElo "2403"]
[BlackRD "67"]
[GameID "32111"]

1. e4 e5 2. Nf3 Nc6 3. Bc4 Nf6 4. d3 Be7 5. O-O d6 6. c3 O-O 7. Bb3 Na5 8. Bc2 c5 9. Nbd2 Nc6 10. Re1 Re8
11. Nf1 Bf8 12. h3 h6 13. Ne3 Be6 14. Nh2 d5 15. exd5 Nxd5 16. Nxd5 Qxd5 17. Ng4 Rad8 18. Bxh6 e4 19. Bb3 Qxd3 20. Bf4 Qa6
21. Qc1 c4 22. Bd1 f5 23. Ne5 Nxe5 24. Bxe5 Rd5 25. Bd4 Bf7 26. Qg5 Qd6 27. Bh5 g6 28. Be2 Rxd4 29. cxd4 e3 30. f4 Re4
31. Bf3 Be7 32. Qh6 Rxf4 33. Kh1 Bd8 34. Re2 Bc7 35. Kg1 Re4 36. Kf1 Qh2 37. g3 Qxg3 38. Bxe4 Bf4 39. Qh5 gxh5 40. Rg2 fxe4
41. Rxg3+ Bxg3 42. Ke2 Bf2 43. Rc1 h4 44. Rc3 Be6
0-1

[Event "Big Open  leisure 12/01/2005"]
[Site "SchemingMind.com"]
[Date "2005.12.04"]
[Round "-"]
[White "keen"]
[Black "doodledandy"]
[Result "0-1"]
[WhiteCountry "SCO"]
[BlackCountry "CAN"]
[WhiteElo "1741"]
[WhiteRD "125"]
[BlackElo "2301"]
[BlackRD "65"]
[GameID "32112"]

1. e4 e5 2. Nf3 Nc6 3. d4 exd4 4. Nxd4 Bc5 5. Be3 Qf6 6. c3 Nge7 7. Be2 O-O 8. O-O d5 9. Nd2 Nxd4 10. cxd4 Bxd4
11. Bxd4 Qxd4 12. exd5 Nxd5 13. Bf3 Be6 14. Nb3 Qxb2 15. Bxd5 Rfd8 16. Qc1 Qxc1 17. Raxc1 Rxd5 18. Rxc7 b6 19. h3 a5 20. a4 Rd3
21. Nc1 Rd4 22. Rb7 Rxa4 23. Rxb6 Ra1 24. Rd1 h6 25. Rbd6 a4 26. Kh2 a3 27. Rd8+ Rxd8 28. Rxd8+ Kh7 29. Ne2 a2 30. Ra8 Rd1
0-1

[Event "Big Open  leisure 12/01/2005"]
[Site "SchemingMind.com"]
[Date "2005.12.05"]
[Round "-"]
[White "agrillage"]
[Black "AaronB"]
[Result "1-0"]
[WhiteCountry "MLT"]
[BlackCountry "USA"]
[WhiteElo "1973"]
[WhiteRD "75"]
[BlackElo "1598"]
[BlackRD "71"]
[GameID "32171"]

1. c4 e5 2. g3 Nc6 3. Bg2 g6 4. Nc3 Bg7 5. e4 d6 6. Nge2 Nge7 7. d3 O-O 8. O-O Bd7 9. Nd5 Nxd5 10. cxd5 Ne7
11. Be3 c6 12. dxc6 Nxc6 13. d4 exd4 14. Nxd4 Qc7 15. Rc1 Rfe8 16. b4 a6 17. a4 Qd8 18. Nc2 Qe7 19. b5 Ne5 20. Nd4 Rec8
21. Rb1 Nc4 22. Bf4 Be5 23. Bh6 Bg7 24. Bxg7 Kxg7 25. bxa6 bxa6 26. Ne2 Bxa4 27. Qxa4 Nd2 28. Qd4+
1-0

[Event "Big Open  leisure 12/01/2005"]
[Site "SchemingMind.com"]
[Date "2005.12.05"]
[Round "-"]
[White "agrillage"]
[Black "Louis Lima"]
[Result "1-0"]
[WhiteCountry "MLT"]
[BlackCountry "ESP"]
[WhiteElo "2005"]
[WhiteRD "71"]
[BlackElo "1717"]
[BlackRD "56"]
[GameID "32173"]

1. c4 e5 2. g3 Nf6 3. Bg2 Nc6 4. Nc3 Bc5 5. a3 a5 6. e3 O-O 7. Nge2 d6 8. O-O Be6 9. d4 exd4 10. exd4 Ba7
11. d5 Bd7 12. dxc6 bxc6 13. Bg5 Rb8 14. Qd2 Re8 15. Nd4 Rxb2 16. Qxb2 Bxd4 17. Qc2 Qc8 18. Bxf6 Bxf6 19. Rae1 Rd8 20. Ne2 c5
21. Nf4 c6 22. Qd2 Qc7 23. Nh5 Bd4 24. Re7 Kf8 25. Re4 Bf5 26. Rxd4 cxd4 27. Qxd4 f6 28. Nxf6 Kf7 29. Ne4 h6 30. Rd1 Bxe4
31. Qxe4 c5 32. Re1 Kg8 33. Qg6
1-0

[Event "Big Open  leisure 12/01/2005"]
[Site "SchemingMind.com"]
[Date "2005.12.05"]
[Round "-"]
[White "agrillage"]
[Black "doodledandy"]
[Result "0-1"]
[WhiteCountry "MLT"]
[BlackCountry "CAN"]
[WhiteElo "2015"]
[WhiteRD "79"]
[BlackElo "2403"]
[BlackRD "67"]
[GameID "32174"]

1. c4 e5 2. g3 Nf6 3. Bg2 Nc6 4. Nc3 Bc5 5. a3 a5 6. e3 d6 7. Nge2 O-O 8. O-O Bg4 9. h3 Bh5 10. g4 Bg6
11. d4 Bb6 12. f4 h6 13. f5 Bh7 14. d5 Nb8 15. Kh1 Nbd7 16. e4 Nxg4 17. Qe1 Ne3 18. Bxe3 Bxe3 19. Ng3 Bc5 20. Rf3 Qh4
21. Qe2 Nf6 22. Rb1 c6 23. dxc6 bxc6 24. b4 axb4 25. axb4 Bd4 26. b5 Ra3 27. Nd1 Ra5 28. Nc3 cxb5 29. cxb5 Rb8 30. Qc4 Raa8
31. Kh2 Ng4+ 32. Kh1 Rc8 33. Qb4 Nf2+ 34. Kh2 Ra7 35. Qxd6 Nxh3 36. Bxh3 Bxc3 37. Rf2 Bxf5 38. exf5 Bd4 39. Rg2 Rc3 40. Rd1 Rxg3
41. Rxg3 Ra2+
0-1

[Event "Big Open  leisure 12/01/2005"]
[Site "SchemingMind.com"]
[Date "2005.12.05"]
[Round "-"]
[White "agrillage"]
[Black "jenricks"]
[Result "0-1"]
[WhiteCountry "MLT"]
[BlackCountry "ENG"]
[WhiteElo "2046"]
[WhiteRD "76"]
[BlackElo "2158"]
[BlackRD "69"]
[GameID "32175"]

1. c4 c5 2. Nf3 Nc6 3. d4 cxd4 4. Nxd4 Nf6 5. g3 e5 6. Nb5 Bb4+ 7. Bd2 Bc5 8. Bg2 d6 9. O-O O-O 10. Bg5 a6
11. Bxf6 Qxf6 12. Nc7 Rb8 13. Nd5 Qg6 14. Nbc3 Bf5 15. e4 Bg4 16. Qd3 Qh5 17. Rab1 Nd4 18. b4 Ne2+ 19. Kh1 Nxc3 20. Nxc3 Bd4
21. f3 Be6 22. Ne2 b5 23. cxb5 axb5 24. Qd2 Bc4 25. Rfc1 Ba7 26. Nc3 f5 27. Qxd6 Bd4 28. a4 bxa4 29. b5 Rfd8 30. Qb4 Bd3
31. Rb2 fxe4 32. fxe4 Rbc8 33. h3 Rxc3
0-1

[Event "Big Open  leisure 12/01/2005"]
[Site "SchemingMind.com"]
[Date "2005.12.05"]
[Round "-"]
[White "agrillage"]
[Black "Zonrog"]
[Result "1-0"]
[WhiteCountry "MLT"]
[BlackCountry "RSA"]
[WhiteElo "2026"]
[WhiteRD "72"]
[BlackElo "1580"]
[BlackRD "131"]
[GameID "32176"]

1. c4 c5 2. Nf3 Nf6 3. d4 cxd4 4. Nxd4 e6 5. g3 Nc6 6. Bg2 Nxd4 7. Qxd4 Qc7 8. O-O Bc5 9. Qd3 h6 10. Nc3 a6
11. Bf4 e5 12. Be3 d6 13. Nd5 Nxd5 14. Bxd5 Bh3 15. Rfd1 f5 16. b4
1-0

[Event "Big Open  leisure 12/01/2005"]
[Site "SchemingMind.com"]
[Date "2005.12.05"]
[Round "-"]
[White "agrillage"]
[Black "Katarrov"]
[Result "0-1"]
[WhiteCountry "MLT"]
[BlackCountry "ESP"]
[WhiteElo "2069"]
[WhiteRD "75"]
[BlackElo "2183"]
[BlackRD "94"]
[GameID "32177"]

1. c4 e5 2. g3 Nf6 3. Bg2 d5 4. cxd5 Nxd5 5. Nf3 Nc6 6. O-O Nb6 7. b3 Bd6 8. Bb2 Qe7 9. d4 O-O 10. dxe5 Nxe5
11. Nbd2 Rd8 12. Nd4 Bc5 13. e3 Nd3 14. Bc3 Ne5 15. Qc2 Nd5 16. N2f3 Nxc3 17. Qxc3 c6 18. Nxe5 Qxe5 19. Ne2= Qxc3 20. Nxc3 Bf5
21. Rfd1 Bg4 22. Rxd8+ Rxd8 23. h3 Be6 24. Kf1 f6 25. Ke2 Kf7 26. Rc1 Ke7 27. Rc2 Bb4 28. Na4 b6 29. Nb2 Bf5 30. e4 Bc8
31. Nc4 g6 32. Ne3 Bc5 33. f4 Ba6+ 34. Nc4 Bd4 35. Bf3 c5 36. Bg2= h6 37. h4 h5 38. Bf3 Rg8 39. Rd2 Kd7 40. Kd1 Kc7
41. Ke2 Re8 42. Kd3 Bb7 43. Re2 Rd8 44. Kc2 Rd7 45. Nd2 Ba6 46. Rg2 Rh7 47. Be2 Bb7 48. Bf3 Bc6 49. Re2 Bb5 50. Rg2 a5
51. Be2 Bd7 52. Bf3 Re7 53. Re2 a4 54. Bg2 Bb5 55. Nc4 Bc6 56. Nd2 Re8 57. Kb1 axb3 58. Nxb3 Bg1 59. Bf3 Rd8 60. Rg2 Be3
61. Kc2 c4 62. Nd2 Ba4+ 63. Kc3 Rd3+ 64. Kb4 Bc6
0-1

[Event "Big Open  leisure 12/01/2005"]
[Site "SchemingMind.com"]
[Date "2005.12.05"]
[Round "-"]
[White "agrillage"]
[Black "keen"]
[Result "1-0"]
[WhiteCountry "MLT"]
[BlackCountry "SCO"]
[WhiteElo "2005"]
[WhiteRD "71"]
[BlackElo "1741"]
[BlackRD "125"]
[GameID "32178"]

1. c4 e6 2. g3 d5 3. Bg2 c6 4. Nf3 Nf6 5. d4 Be7 6. O-O O-O 7. Qc2 Re8 8. Rd1 Na6 9. a3 Nc7 10. Nbd2 Bf8
11. e4 Bd7 12. e5 Nh5 13. Nf1 g6 14. g4 Ng7 15. Bg5 Be7 16. Bxe7 Qxe7 17. c5 h5 18. Ne3 Red8 19. Qd2 f6 20. exf6 Qxf6
21. Ne5 Be8 22. Kh1 Bf7 23. Rac1 Na6 24. Rc3 Rac8 25. Qe2 Nb8 26. Nf1 Nd7 27. Rf3
1-0

[Event "Big Open  leisure 12/01/2005"]
[Site "SchemingMind.com"]
[Date "2005.12.06"]
[Round "-"]
[White "AaronB"]
[Black "agrillage"]
[Result "0-1"]
[WhiteCountry "USA"]
[BlackCountry "MLT"]
[WhiteElo "1598"]
[WhiteRD "71"]
[BlackElo "1973"]
[BlackRD "75"]
[GameID "32180"]

1. e4 c5 2. Nf3 g6 3. d4 Bg7 4. e5 cxd4 5. Qxd4 Nc6 6. Qe3 Nxe5 7. Nxe5 Qa5+ 8. Bd2 Qxe5 9. Qxe5 Bxe5 10. Nc3 Nf6
11. Be2 O-O 12. Bh6 Rd8 13. O-O d5 14. f4 Bd4+ 15. Kh1 Ng4 16. Bxg4 Bxg4 17. Rae1 Rd7 18. h3 Bf5 19. Re2 Bxc3 20. bxc3 Rc8
21. Rf3 Be4 22. Rfe3 Rdc7 23. Rxe4 dxe4 24. Rxe4 f6 25. Kh2 Kf7 26. Ra4 a6 27. Ra5 Rc5 28. Rxc5 Rxc5 29. g4 Rxc3
0-1

[Event "Big Open  leisure 12/01/2005"]
[Site "SchemingMind.com"]
[Date "2005.12.05"]
[Round "-"]
[White "Louis Lima"]
[Black "agrillage"]
[Result "0-1"]
[WhiteCountry "ESP"]
[BlackCountry "MLT"]
[WhiteElo "1667"]
[WhiteRD "52"]
[BlackElo "2026"]
[BlackRD "72"]
[GameID "32182"]

1. e4 c5 2. d4 cxd4 3. c3 g6 4. cxd4 d5 5. e5 Bg7 6. f4 Nc6 7. Be3 Nh6 8. Nf3 Bg4 9. Be2 Nf5 10. Qd2 O-O
11. O-O e6 12. Nc3 Nxe3 13. Qxe3 Rc8 14. a3 Bxf3 15. Rxf3 Qb6 16. Rd1 Qxb2 17. Nb5 Na5 18. Bd3 Nc4 19. Bxc4 Rxc4 20. Qb3 Rc2
21. Qxb2 Rxb2 22. Nd6 Rd8 23. Rc3 Bf8 24. Nc8 Bxa3 25. Nxa7 Bf8 26. Rc8 Rxc8 27. Nxc8 Bb4 28. g4 Rd2
0-1

[Event "Big Open  leisure 12/01/2005"]
[Site "SchemingMind.com"]
[Date "2005.12.05"]
[Round "-"]
[White "doodledandy"]
[Black "agrillage"]
[Result "1-0"]
[WhiteCountry "CAN"]
[BlackCountry "MLT"]
[WhiteElo "2352"]
[WhiteRD "64"]
[BlackElo "2026"]
[BlackRD "72"]
[GameID "32183"]

1. d4 c5 2. d5 g6 3. c4 Bg7 4. Nc3 d6 5. e4 e6 6. Nge2 Ne7 7. Ng3 O-O 8. Bd3 exd5 9. exd5 Nd7 10. O-O Ne5
11. Re1 Nxd3 12. Qxd3 Bf5 13. Qf3 h6 14. Bf4 a6 15. Re3 Qd7 16. Rae1 Rfe8 17. Qe2 Kf8 18. Na4 Bg4 19. Nb6 Qd8 20. Qxg4 Qxb6
21. Qd7 Qd8 22. Qxd6 Rc8 23. Qxd8 Rcxd8 24. Bc7
1-0

[Event "Big Open  leisure 12/01/2005"]
[Site "SchemingMind.com"]
[Date "2005.12.05"]
[Round "-"]
[White "jenricks"]
[Black "agrillage"]
[Result "0-1"]
[WhiteCountry "ENG"]
[BlackCountry "MLT"]
[WhiteElo "1925"]
[WhiteRD "81"]
[BlackElo "2044"]
[BlackRD "77"]
[GameID "32184"]

1. e4 c5 2. Nc3 g6 3. Nf3 Bg7 4. d4 cxd4 5. Nxd4 Nc6 6. Be3 Nf6 7. Nxc6 bxc6 8. e5 Nd5 9. Nxd5 cxd5 10. Qxd5 Rb8
11. O-O-O Bb7 12. Qd4 O-O 13. f4 d6 14. Qxa7 Qc8 15. Qd4 dxe5 16. fxe5 Qc7 17. Qc5 Bc6 18. Bd4 Rfd8 19. Bc4 Qb7 20. Rhf1 e6
21. Qa7 Bxg2 22. Qxb7 Rxb7 23. Bc3 Rbd7 24. Rxd7 Rxd7 25. Re1 Bh6+ 26. Kb1 Bf4 27. Bb5 Rd8 28. Bd3 h5 29. Re2 Bc6 30. a3 g5
31. b3 g4 32. Bd2 Bxd2 33. Rxd2 Kg7 34. Re2 Kh6 35. b4 h4 36. b5 Bf3
0-1

[Event "Big Open  leisure 12/01/2005"]
[Site "SchemingMind.com"]
[Date "2005.12.06"]
[Round "-"]
[White "Zonrog"]
[Black "agrillage"]
[Result "0-1"]
[WhiteCountry "RSA"]
[BlackCountry "MLT"]
[WhiteElo "1521"]
[WhiteRD "123"]
[BlackElo "2053"]
[BlackRD "75"]
[GameID "32185"]

1. d4 c5 2. e3 Nf6 3. c3 e6 4. Nf3 d5 5. Bd3 Nc6 6. Nbd2 Bd6 7. Qe2 O-O 8. O-O e5 9. dxe5 Nxe5 10. Nxe5 Bxe5
11. e4 Re8 12. Qd1 dxe4 13. Nxe4 Nxe4 14. Bxe4 Bxh2+ 15. Kxh2 Qh4+ 16. Kg1 Qxe4 17. Be3 b6
0-1

[Event "Big Open  leisure 12/01/2005"]
[Site "SchemingMind.com"]
[Date "2005.12.05"]
[Round "-"]
[White "Katarrov"]
[Black "agrillage"]
[Result "1/2-1/2"]
[WhiteCountry "ESP"]
[BlackCountry "MLT"]
[WhiteElo "2183"]
[WhiteRD "94"]
[BlackElo "2069"]
[BlackRD "75"]
[GameID "32186"]

1. e4 c5 2. Nf3 g6 3. d4 Bg7 4. d5 d6 5. Nc3 Nf6 6. Be2 O-O 7. O-O e6 8. Nd2 exd5 9. exd5 Nbd7 10. Nc4 Nb6
11. Ne3 Ne8 12. a4 f5 13. a5 Nd7 14. Nc4 Ne5 15. Bf4 Nxc4 16. Bxc4 g5 17. Bd2 h6 18. a6 Nc7 19. axb7 Bxb7 20. Re1 Qf6
21. Qh5 a6 22. Re2 Rae8 23. Rae1 Rxe2 24. Qxe2 Re8 25. Qd1 Rxe1+ 26. Qxe1 Qe5 27. Qf1 Kh7 28. Qd3 Kg6 29. Kh1 Qd4 30. Qe2 Qe5
31. Qd3 Qd4 32. Qe2 Be5 33. Be3 Qh4 34. g3 Qh5 35. f3 Bxg3 36. Kg1 Be5 37. Bxc5 Qh4 38. Ba7 Ne8 39. Kh1 Nf6 40. Bb3 g4
41. fxg4 Qxg4 42. Qxg4+ fxg4 43. Kg1 Kf5 44. Bc4 Bxc3 45. bxc3 Nxd5 46. Bxd5 Bxd5 47. Bb6 h5 48. Kf2 h4 49. Bc7 Ke5 50. Bd8 h3
51. Bc7 Be4 52. Kg3 Bf3 53. c4 Kd4 54. Bxd6 Kxc4 55. Bc7 Kb4 56. Kf4 Kc3 57. Ke3 Bd1 58. Kf4 Kxc2 59. Ke4 Kd2 60. Kd4 Be2
61. Kc5 Kc3 62. Be5+ Kb3 63. Kb6 Ka4 64. Bd6 Bf1 65. Bg3 Kb4=
1/2-1/2

[Event "Big Open  leisure 12/01/2005"]
[Site "SchemingMind.com"]
[Date "2005.12.05"]
[Round "-"]
[White "keen"]
[Black "agrillage"]
[Result "0-1"]
[WhiteCountry "SCO"]
[BlackCountry "MLT"]
[WhiteElo "1684"]
[WhiteRD "142"]
[BlackElo "1973"]
[BlackRD "75"]
[GameID "32187"]

1. e4 c5 2. Nf3 g6 3. d4 Bg7 4. Bc4 cxd4 5. Nxd4 Qa5+ 6. Nc3 Qc5 7. Bxf7+ Kxf7 8. Be3 Nf6 9. Qf3 d6 10. O-O Qh5
11. Qf4 e5 12. g4 Bxg4
0-1